Score 0/13 Timer 05:00
0 Plays Today
% Correct
Harry Potter (Series)
95.6%
1984
83.8%
Twenty Thousand Leagues Under the Sea
83.8%
A Clockwork Orange
54.4%
Middle Earth (Novels)
54.4%
Watership Down
48.5%
Unua Libro
47.1%
Artemis Fowl (Series)
45.6%
Dune
29.4%
Cat's Cradle
27.9%
Inheritance (Series)
25%
The Dispossessed
23.5%
The Wheel of Time
13.2%
Remove Ads.
Support Sporcle.
Get the best of Sporcle when you Go Orange. This ad-free experience offers more features, more stats, and more fun while also helping to support Sporcle. Thank you for becoming a member.

You're not logged in!

Compare scores with friends on all Sporcle quizzes.
OR
Log In

Show Comments

Extras

Created Jul 5, 2012ReportNominate
Tags:Book Quiz, Novel Quiz, fictional

Top Quizzes Today


Score Distribution

Your Account Isn't Verified!

In order to create a playlist on Sporcle, you need to verify the email address you used during registration. Go to your Sporcle Settings to finish the process.

Report this User

Report this user for behavior that violates our Community Guidelines.

Details: